Uplatňovanie marketingu ako súčasť transformácie podniku
Podstata marketingu a jeho úloha v podnikoch. Funkcia podnikových a marketingových imperatívov (všeobecne platných predpisov, ktoré formou návodu predpisujú čin) pri tvorbe jednotného marketingového celku v kontexte s marketingovými modelmi. Marketing mix. Výrobková a servisná koncepcia ako súčasť m...
Saved in:
| Main Author: | |
|---|---|
| Format: | Book Chapter |
| Language: | Slovak |
| Subjects: | |
| Tags: |
No Tags, Be the first to tag this record!
|
MARC
| LEADER | 00000naa a2200000 4500 | ||
|---|---|---|---|
| 001 | r000667 | ||
| 005 | 20221205075809.6 | ||
| 041 | 0 | |a slo | |
| 044 | |a SK | ||
| 245 | 1 | 0 | |a Uplatňovanie marketingu ako súčasť transformácie podniku |c Š. Rajt |
| 520 | |a Podstata marketingu a jeho úloha v podnikoch. Funkcia podnikových a marketingových imperatívov (všeobecne platných predpisov, ktoré formou návodu predpisujú čin) pri tvorbe jednotného marketingového celku v kontexte s marketingovými modelmi. Marketing mix. Výrobková a servisná koncepcia ako súčasť marketingových nástrojov. Analýza situácie podniku - marketingových podmienok - a odporúčané návrhy marketingových opatrení. | ||
| 610 | 2 | 0 | |a marketing |
| 610 | 2 | 0 | |a stratégia marketingová |
| 610 | 2 | 0 | |a marketing mix |
| 610 | 2 | 0 | |a modely |
| 100 | 1 | |a Rajt, Š. | |